| 000 | 00456nam a2200193Ia 4500 | ||
|---|---|---|---|
| 008 | 240510s9999 xx 000 0 und d | ||
| 020 | _a0000934613117 | ||
| 041 | _aEng | ||
| 082 | _a006.35 | ||
| 082 | _bG65 | ||
| 100 | _aGROSZ,B.J. | ||
| 245 | 0 | _aREADINGS IN NATURAL LANGUAGE PROCESSING | |
| 260 | _bCALIFORNIA : MORGAN KAUFMAN | ||
| 260 | _c1986 | ||
| 300 | _a664 p. | ||
| 650 | _aNATURAL LANGUAGE PROCESSING | ||
| 942 | _2ddc | ||
| 942 | _cLBK | ||
| 999 |
_c23738 _d23738 |
||
| 945 |
_a1 _bMadushi Gamage _c1 _dMadushi Gamage |
||